00459nam a2200133Ia 450000500170000000800410001702000150005808200130007310000150008624500540010126000280015530000190018350001230020220240925010921.0240331s9999 xx 000 0 und d a0415073065 bGOOa792 aGoodman, L 0aContemporary feminist theatres :bto each her own aLondonbRoutledgec1993 axiii, 313 p ., aContemporary Feminist Theatres is the first full evaluation of the forms feminism has taken in the theatre since 1968.